Alfabeto Latino - Morte improvvisa - Statistics

Statistiche generali
  • Questo quiz è stato fatto 97 volte
  • Il punteggio medio è 24 su 26
Answers on the Grid
Answers color-coded by a green-red scale on the quiz's grid according to % correct below.
A
B
C
D
E
F
G
H
I
J
K
L
M
N
O
P
Q
R
S
T
U
V
W
X
Y
Z
س
غ
נ
ש
ல்
Ֆ
Հ
Б
Д
З
Ш
Θ
Σ
Δ
Ժ
 
Statistiche sulle risposte
Risposta % Corretto
A
98%
D
98%
B
96%
E
96%
F
96%
P
96%
G
95%
L
95%
M
95%
O
95%
U
95%
V
95%
C
94%
H
94%
N
94%
Q
94%
S
94%
R
93%
T
93%
Y
93%
K
90%
X
90%
Z
90%
J
89%
I
88%
W
85%
Nessun quiz corrispondente trovato
Distribuzione punteggi
Percentuale di utenti per punteggio
Percentile per numero di risposta
I tuoi punteggi nel tempo
Non hai fatto questo quiz